000 00911nam a2200253Ia 4500
003 OSt
005 20221005112857.0
006 a|||||r|||| 00| 0
007 ta
008 221004b |||||||| |||| 00| 0 pan d
020 _a818138501 (hbk)
_c170
024 _a117593
037 _b595, 09/02/2012, H.K. Prakashan
_cTextual
040 _aCRL
_cCRL
_bpan
041 _2pan
_apan
082 _aQ8441:21:g, 153P7
100 _aਗਿੱਲ, ਮਹਿੰਦਰ ਕੌਰ
245 0 _aਗੁਰੂ ਗ੍ਰੰਥ ਸਾਹਿਬ ਦੀ ਸੰਪਾਦਨ ਕਲਾ
260 _aਦਿੱਲੀ
_bਐਮ. ਪੀ. ਪ੍ਰਕਾਨ ਭਾਰਤ
_c2007
300 _a143ਪੰ
_ccm.
650 _aਪੰਜਾਬੀ ਸਾਹਿਤ
942 _hQ8441:21:g, 153P7
_cTEXL
_2cc
999 _c1026283
_d1026283